[Event "Titled Tuesday intern op 19th Apr Late"]
[Site "Chess.com INT"]
[Date "2022.04.19"]
[Round "9"]
[White "Herrera Reyes, Jose Antonio"]
[Black "Zlatin, Alexander"]
[Result "1-0"]
[WhiteElo "2319"]
[BlackElo "2324"]
[PlyCount "141"]
[EventDate "2022.04.19"]
[EventType "swiss (blitz)"]
[EventRounds "11"]
[EventCountry "USA"]
[SourceTitle "EXT 2023"]
[Source "ChessBase"]
[SourceDate "2022.10.05"]
[SourceVersion "1"]
[SourceVersionDate "2022.10.05"]
[SourceQuality "1"]

1. Nf3 Nf6 2. g3 b5 3. Bg2 Bb7 4. d3 e6 5. 0-0 Be7 6. c3 0-0 7. Qb3 a6 8. a4 c6 9. Be3 d5 10. Nbd2 Nbd7 11. d4 Qb6 12. Ne5 Rfd8 13. f4 Qc7 14. h3 Nxe5 15. fxe5 Nd7 16. Rf2 c5 17. Raf1 Rf8 18. Nf3 Bc6 19. Bg5 bxa4 20. Qc2 Qd8 21. h4 h6 22. Bc1 Rb8 23. Nh2 f5 24. exf6 Nxf6 25. Bh3 Bd7 26. Bxh6 Ne4 27. Rxf8+ Bxf8 28. Bf4 Rb3 29. Bg2 Bc6 30. Ng4 cxd4 31. cxd4 Qb6 32. Ne5 Bb7 33. Nd7 Qxd4+ 34. e3 Qd2 35. Bxe4 Qxc2 36. Bxc2 Rxb2 37. Nxf8 Rxc2 38. Nxe6 d4 39. Rf2 Rc1+ 40. Rf1 Rc2 41. Rb1 d3 42. Rxb7 d2 43. Rxg7+ Kh8 44. Rd7 Rc1+ 45. Kf2 d1Q 46. Rxd1 Rxd1 47. Be5+ Kg8 48. Ke2 Rb1 49. Bd6 Rb6 50. Nc5 Rxd6 51. Nxa4 Rc6 52. Kd3 Rg6 53. Nc5 Kf7 54. g4 a5 55. g5 Rc6 56. Kd4 Kg6 57. e4 Rd6+ 58. Ke5 Rd1 59. Ke6 Rc1 60. Kd5 Kh5 61. e5 Rd1+ 62. Kc6 Re1 63. e6 Kg6 64. Kd6 Rd1+ 65. Kc6 Re1 66. Kd7 Rd1+ 67. Ke7 Rd5 68. Ne4 a4 69. h5+ Kg7 70. h6+ Kg6 71. h7 1-0

[Event "Titled Tuesday intern op 19th Apr Late"]
[Site "Chess.com INT"]
[Date "2022.04.19"]
[Round "10"]
[White "Urazayev, Arystanbek"]
[Black "Herrera Reyes, Jose Antonio"]
[Result "0-1"]
[WhiteElo "2420"]
[BlackElo "2319"]
[PlyCount "78"]
[EventDate "2022.04.19"]
[EventType "swiss (blitz)"]
[EventRounds "11"]
[EventCountry "USA"]
[SourceTitle "EXT 2023"]
[Source "ChessBase"]
[SourceDate "2022.10.05"]
[SourceVersion "1"]
[SourceVersionDate "2022.10.05"]
[SourceQuality "1"]

1. d4 Nf6 2. c4 c5 3. d5 b5 4. cxb5 a6 5. bxa6 g6 6. Nc3 Bg7 7. e4 0-0 8. e5 Ne8 9. h4 d6 10. e6 fxe6 11. h5 Bxa6 12. hxg6 Bxf1 13. Kxf1 Nf6 14. Bg5 Nbd7 15. dxe6 Ne5 16. gxh7+ Kh8 17. Nf3 Nxf3 18. Qxf3 Qb6 19. Qe2 Ng4 20. f3 Rf5 21. Bxe7 Re8 22. Rh4 Ne3+ 23. Qxe3 Qxb2 24. Rb1 Qc2 25. Rc1 Qb2 26. Bxd6 Rxe6 27. Ne4 Bd4 28. Qe1 Rg6 29. Bg3 Qxa2 30. Bf2 Rf8 31. Bxd4+ cxd4 32. Qd2 Qa6+ 33. Kg1 Qa7 34. Nf2 Rd6 35. Qd3 Re8 36. Rd1 Re3 37. Qf5 Qe7 38. Rg4 Rh6 39. Nh3 Rxh7 0-1

[Event "Titled Tuesday intern op 19th Apr Late"]
[Site "Chess.com INT"]
[Date "2022.04.19"]
[Round "1"]
[White "Yurasova, Daria"]
[Black "Herrera Reyes, Jose Antonio"]
[Result "0-1"]
[WhiteElo "2075"]
[BlackElo "2319"]
[PlyCount "86"]
[EventDate "2022.04.19"]
[EventType "swiss (blitz)"]
[EventRounds "11"]
[EventCountry "USA"]
[SourceTitle "EXT 2023"]
[Source "ChessBase"]
[SourceDate "2022.10.05"]
[SourceVersion "1"]
[SourceVersionDate "2022.10.05"]
[SourceQuality "1"]

1. d4 Nf6 2. Nf3 c5 3. dxc5 e6 4. e3 Bxc5 5. a3 0-0 6. b4 Be7 7. Bb2 a5 8. b5 b6 9. Nbd2 Bb7 10. Bd3 d6 11. 0-0 e5 12. Be2 Nbd7 13. c4 Nc5 14. Nb3 Rc8 15. Nxc5 Rxc5 16. a4 Bxf3 17. gxf3 e4 18. f4 d5 19. Bd4 Rc8 20. Rc1 Ba3 21. Rc2 Bc5 22. Bxf6 Qxf6 23. Qxd5 Qg6+ 24. Qg5 Qxg5+ 25. fxg5 Rfd8 26. Rd1 Rxd1+ 27. Bxd1 Rd8 28. Bg4 Rd3 29. Bf5 Ra3 30. Rd2 Kf8 31. Bxe4 Rxa4 32. Bf5 Rxc4 33. Rd8+ Ke7 34. Rd7+ Ke8 35. Rb7 g6 36. Bd7+ Kf8 37. Rb8+ Ke7 38. Rb7 Rc1+ 39. Kg2 a4 40. Bc6+ Kd6 41. Rxf7 a3 42. Rd7+ Ke6 43. Rd8 a2 0-1

[Event "Titled Tuesday intern op 19th Apr Late"]
[Site "Chess.com INT"]
[Date "2022.04.19"]
[Round "8"]
[White "Zhao, Jun"]
[Black "Herrera Reyes, Jose Antonio"]
[Result "1-0"]
[WhiteElo "2619"]
[BlackElo "2319"]
[PlyCount "81"]
[EventDate "2022.04.19"]
[EventType "swiss (blitz)"]
[EventRounds "11"]
[EventCountry "USA"]
[SourceTitle "EXT 2023"]
[Source "ChessBase"]
[SourceDate "2022.10.05"]
[SourceVersion "1"]
[SourceVersionDate "2022.10.05"]
[SourceQuality "1"]

1. d4 Nf6 2. Bf4 d5 3. e3 c5 4. Nf3 Nbd7 5. Nbd2 g6 6. c3 Bg7 7. h3 0-0 8. Be2 a6 9. 0-0 b5 10. a4 b4 11. cxb4 cxb4 12. a5 Ne4 13. Nb3 Re8 14. Rc1 Nf8 15. Bc7 Qd7 16. Ne5 Qf5 17. Bg4 Qf6 18. Rc6 Ne6 19. Nf3 Bd7 20. Be5 Bxc6 21. Bxf6 exf6 22. Bxe6 fxe6 23. Nfd2 Nd6 24. Nc5 Bb5 25. Re1 e5 26. dxe5 fxe5 27. Nf3 Bc6 28. Ng5 Nc4 29. Nge6 Bf6 30. Nc7 Nxa5 31. Nxa8 Rxa8 32. e4 d4 33. Qa1 Bd8 34. Qa2+ b3 35. Nxb3 Nxb3 36. Qxb3+ Kg7 37. Qe6 Be8 38. Qxe8 Kh6 39. Qxe5 Bb6 40. Qd6 Ba7 41. e5 1-0

[Event "La Palma 3rd"]
[Site "Brena Baja"]
[Date "2022.04.15"]
[Round "10"]
[White "Herrera Reyes, Jose Antonio"]
[Black "Zwirs, Nico"]
[Result "1-0"]
[WhiteElo "2319"]
[BlackElo "2470"]
[PlyCount "119"]
[EventDate "2022.04.08"]
[EventType "tourn"]
[EventRounds "10"]
[EventCountry "ESP"]
[EventCategory "9"]
[SourceTitle "CBM 207 Extra"]
[Source "ChessBase"]
[SourceDate "2022.05.31"]
[SourceVersion "1"]
[SourceVersionDate "2022.05.31"]
[SourceQuality "1"]

1. e4 c5 2. Nc3 Nc6 3. g3 d6 4. Bg2 Nf6 5. Nge2 g6 6. d3 Bg7 7. h3 Rb8 8. a4 a6 9. Be3 b5 10. axb5 axb5 11. Qd2 0-0 12. Bh6 b4 13. Nd5 Bxh6 14. Qxh6 e6 15. Ne3 Nd4 16. h4 Qe7 17. h5 Bb7 18. f4 Ra8 19. Rxa8 Rxa8 20. hxg6 fxg6 21. Kd2 Nxe2 22. Kxe2 Nd7 23. Bh3 Nf8 24. Ng4 c4 25. Qg5 cxd3+ 26. cxd3 Qxg5 27. fxg5 Kf7 28. Rf1+ Ke8 29. Nf6+ Ke7 30. Ke3 Ra5 31. Kf4 h5 32. Rc1 Kd8 33. Rc4 Bc8 34. Bg2 e5+ 35. Ke3 Ne6 36. Rxc8+ Kxc8 37. Bh3 Kd8 38. Bxe6 Ke7 39. Bc4 b3 40. Nd5+ Kf8 41. Nc3 Ra8 42. Kd2 Ra7 43. Bxb3 Rb7 44. Kc2 h4 45. gxh4 Rh7 46. Nb5 Ke7 47. Nc7 Rxh4 48. Bd5 Rg4 49. Ne6 Kd7 50. Nf8+ Kc7 51. Nxg6 Rxg5 52. Ne7 Kb6 53. Bc4 Kc5 54. Kc3 Rg1 55. b4+ Kb6 56. Nd5+ Kc6 57. b5+ Kc5 58. b6 Ra1 59. b7 Ra8 60. bxa8R 1-0